000 01174cam a2200325 a 4500
001 15649019
005 20130812122832.0
008 090306s2009 nyua b 001 0 eng
010 _a 2009009103
020 _a0071482725 (alk. paper)
020 _a9780071482721 (alk. paper)
040 _aDLC
_cDLC
050 0 0 _aTK7868.P6
_bP75 2009
082 0 0 _a621.381044
_222
_bPRE
100 1 _aPressman, Abraham I.
_923327
245 1 0 _aSwitching Power Supply Design /
_cAbraham I. Pressman, Keith Billings, Taylor Morey.
250 _a3rd ed.
260 _aNew York :
_bMcGraw-Hill, 2009
_cc2009.
300 _axxxvii, 841 p. :
_bill. ;
_c24 cm.
504 _aIncludes bibliographical references (p. 797-806) and index.
650 0 _aSwitching power supplies.
_923328
650 0 _aElectronic apparatus and appliances
_xPower supply.
_923329
650 0 _aMicroelectronics
_xPower supply.
_923330
650 0 _aElectric current converters.
_923331
653 _bEle
_cApril2011
700 1 _aBillings, Keith H.
_923332
700 1 _aMorey, Taylor.
_923333
942 _2ddc
_cBB
999 _c15178
_d15178